01444nam a2200337 a 4500001001000000003000500010005001700015008004100032010001100073011001100084040000900095090001000104100003700114245015800151260004100309500006000350502009300410590004000503590004000543650003100583650002900614650004500643650003000688856007000718901000700788942001000795942000600805999001900811952014000830952013600970000112332CHAP20250926130813.0160302s2016 mx a fsm |||||||spa d a108793 a109765 cCHAP aTesis1 aSantiago Mendoza, Andrea910237510aHongos endófitos asociados al cultivo de la vid (Vitis vinífera L.) en la zona vitícola de Querétaro/h[En línea]cpor Andrea Santiago Mendoza. aChapingo, Méx. :bEl autor,c2016. aPara ver el contenido del material haga clic en la liga aTesis (M.C. en Protección Vegetal) -- UACH. Departamento de Parasitología Agrícola aE6096MTMb05c20160302lUCH01h1404 aE6096MTMb05c20160302lUCH01h140514aHongos parásitos.95613514aHongos y plantas.95614017aVidesxEnfermedades por hongos2911910914aVidxQuerétaro.9119137 aFinding aiduhttp://10.13.5.2/tesis/sist112332.pdfzTeclea aquí aBK cTESIS n0 c108793d108793 00102local4053708TESISaBCbBCcPA_TESISd2016-03-02fTESISl0oTesisp33724002517793r2019-12-31 00:00:00tc.2w2019-12-31yTESIS 00104054718TESISaBCbBCd2016-03-02fTESISl0oTesisp33724002517835r2019-12-31 00:00:00w2019-12-31yTESISzRecien adquirido